000 00264nam a2200109Ia 4500
008 190216s9999||||xx |||||||||||||| ||und||
100 _aMohan P
245 0 _aManagement Information System
260 _bHimalaya Publishing House
_c1999
300 _a271p
942 _cBK
999 _c7308
_d7308